00722nam a22002057a 4500003000400000005001700004008004100021020001700062050002300079082002400102245011100126260004000237300003300277600002600310650002100336650001900357942001200376999001700388952011100405OSt20140310182215.0130907t xxu||||| |||| 00| 0 eng d a0754800406  aTX 725b.H832 1999 aHS 641.3 bH79 1999 aThe hot and spicy cookbook :bfiery dishes to spice up your kitchen /cConsultant editor ; Linda Fraser.  aLondon : bLorenz Books, cc1999.  a96 p. :bcol. ill. ;c29 cm. aFraser, Linda 916857 aCookery. 912409 aSpices.917008 2lcccHS c10578d10578 00102lcc40aLUXbLUXcHSd2013-09-07l0oTX 725 .H832 1999p8761r2013-09-07 00:00:00t1w2013-09-07yBK